| 000 | 00700nam a22001937a 4500 | ||
|---|---|---|---|
| 999 |
_c105044 _d105044 |
||
| 005 | 20230511145303.0 | ||
| 010 | _aUR-9574 | ||
| 020 | _c260.00 | ||
| 035 | _aU-8129 | ||
| 037 | _bDBAD/PUB | ||
| 082 | _a841 | ||
| 100 | _aقا د ر ی محمد عبد ا لقیو م ر ا جی | ||
| 245 |
_aعطا / _cقا د ر ی محمد عبد ا لقیو م ر ا جی |
||
| 246 |
_aAtaa / _bby Abdul Qayyum Qadri Raaji |
||
| 260 |
_aبد ا یو ں _bتا ج ا ل فھول اکیڈ می _c2016 ء |
||
| 270 |
_aمدرسہ عا لیہ قادریہ ،مولوی محلہ _bبد ا یو ں _e243601 _k987503199 |
||
| 300 |
_a367ص _c22cm(Hb) |
||
| 942 |
_2ddc _cUR _h841 _mق ا د |
||